<?xml version="1.0" encoding="UTF-8"?>
<collection xmlns="http://www.loc.gov/MARC21/slim">
 <record>
  <leader>01266aam a22002178a 4500</leader>
  <controlfield tag="001">NCT_5329</controlfield>
  <controlfield tag="008">130319s2013                  ||||||viesd</controlfield>
  <datafield tag="999" ind1=" " ind2=" ">
   <subfield code="c">270</subfield>
   <subfield code="d">270</subfield>
  </datafield>
  <datafield tag="020" ind1=" " ind2=" ">
   <subfield code="c">180000</subfield>
  </datafield>
  <datafield tag="082" ind1="0" ind2="4">
   <subfield code="2">23rd ed.</subfield>
   <subfield code="a">621.8</subfield>
   <subfield code="b">Y600</subfield>
  </datafield>
  <datafield tag="100" ind1="1" ind2=" ">
   <subfield code="a">Nguyễn Doãn Ý</subfield>
  </datafield>
  <datafield tag="245" ind1="1" ind2="0">
   <subfield code="a">Giáo trình ma sát - mòn - bôi trơn =</subfield>
   <subfield code="b">Tribology</subfield>
   <subfield code="c">Nguyễn Doãn Ý</subfield>
  </datafield>
  <datafield tag="260" ind1=" " ind2=" ">
   <subfield code="a">H.</subfield>
   <subfield code="b">Khoa học và Kỹ thuật</subfield>
   <subfield code="c">2013</subfield>
  </datafield>
  <datafield tag="300" ind1=" " ind2=" ">
   <subfield code="a">330tr.</subfield>
   <subfield code="b">hình vẽ, bảng</subfield>
   <subfield code="c">27cm</subfield>
  </datafield>
  <datafield tag="520" ind1="3" ind2=" ">
   <subfield code="a">Nội dung trình bày những vấn đề cơ bản về ma sát, mài mòn, ăn mòn, các kĩ thuật bôi trơn, vật liệu bôi trơn, kết cấu bôi trơn cho máy và thiết bị</subfield>
  </datafield>
  <datafield tag="655" ind1=" " ind2="7">
   <subfield code="a">Giáo trình</subfield>
  </datafield>
  <datafield tag="942" ind1=" " ind2=" ">
   <subfield code="2">ddc</subfield>
   <subfield code="c">BK</subfield>
  </datafield>
  <datafield tag="952" ind1=" " ind2=" ">
   <subfield code="0">0</subfield>
   <subfield code="1">0</subfield>
   <subfield code="2">ddc</subfield>
   <subfield code="4">0</subfield>
   <subfield code="6">621_800000000000000_Y600</subfield>
   <subfield code="7">0</subfield>
   <subfield code="9">1563</subfield>
   <subfield code="a">000001</subfield>
   <subfield code="b">000001</subfield>
   <subfield code="d">2017-10-18</subfield>
   <subfield code="o">621.8 Y600</subfield>
   <subfield code="p">MD.01528</subfield>
   <subfield code="r">2017-10-18</subfield>
   <subfield code="v">160000.00</subfield>
   <subfield code="w">2017-10-18</subfield>
   <subfield code="y">BK</subfield>
  </datafield>
  <datafield tag="952" ind1=" " ind2=" ">
   <subfield code="0">0</subfield>
   <subfield code="1">0</subfield>
   <subfield code="2">ddc</subfield>
   <subfield code="4">0</subfield>
   <subfield code="6">621_800000000000000_Y600</subfield>
   <subfield code="7">0</subfield>
   <subfield code="9">1564</subfield>
   <subfield code="a">000001</subfield>
   <subfield code="b">000001</subfield>
   <subfield code="d">2017-10-18</subfield>
   <subfield code="o">621.8 Y600</subfield>
   <subfield code="p">MD.01529</subfield>
   <subfield code="r">2017-10-18</subfield>
   <subfield code="v">160000.00</subfield>
   <subfield code="w">2017-10-18</subfield>
   <subfield code="y">BK</subfield>
  </datafield>
  <datafield tag="952" ind1=" " ind2=" ">
   <subfield code="0">0</subfield>
   <subfield code="1">0</subfield>
   <subfield code="2">ddc</subfield>
   <subfield code="4">0</subfield>
   <subfield code="6">621_800000000000000_Y600</subfield>
   <subfield code="7">0</subfield>
   <subfield code="9">1565</subfield>
   <subfield code="a">000001</subfield>
   <subfield code="b">000001</subfield>
   <subfield code="d">2017-10-18</subfield>
   <subfield code="o">621.8 Y600</subfield>
   <subfield code="p">MD.01530</subfield>
   <subfield code="r">2017-10-18</subfield>
   <subfield code="v">160000.00</subfield>
   <subfield code="w">2017-10-18</subfield>
   <subfield code="y">BK</subfield>
  </datafield>
  <datafield tag="980" ind1=" " ind2=" ">
   <subfield code="a">Thư viện Trường Đại học Nam Cần Thơ</subfield>
  </datafield>
 </record>
</collection>
